La Basura y el viento /

Αποθηκεύτηκε σε:
Λεπτομέρειες βιβλιογραφικής εγγραφής
Κύριος συγγραφέας: Marín, Rubén (autor)
Μορφή: Βιβλίο
Γλώσσα:Ισπανικά
Σειρά:(La Mejor Novela ; 5)
Θέματα:
Ετικέτες: Προσθήκη ετικέτας
Δεν υπάρχουν, Καταχωρήστε ετικέτα πρώτοι!

MARC

LEADER 00000nam^a2200000^a^4500
001 000039988
005 20250521000000.0
009 20260310085604.403
037 |a Acervo ITESO - Biblioteca 
041 |a ESP 
082 |a 863.  |b MAR 
100 |a Marín, Rubén  |e (autor) 
245 1 3 |a La Basura y el viento /  |c Rubén Marín. 
264 |a México :  |b Jus,  |c 1973 
300 |a 384 p. 
336 |a texto  |b txt  |2 rdacontenido 
337 |a sin mediación  |b n  |2 rdamedio 
338 |a volumen  |b nc  |2 rdasoporte 
440 3 |a (La Mejor Novela ;  |v 5) 
649 |a XX 
650 |a Literatura Mexicana 
650 |a Novela Mexicana 
650 |a Literatura Mexicana -  |y Siglo XX 
910 |a Fondo General 
920 |a Impresos - Libros 
930 |a Colección General 
940 |a Literatura 
905 |a 101 
901 |a 0500096803  |b IT1  |c LIT  |i 039988  |u 20250521 
902 |a https://opac.biblio.iteso.mx/vufind/Record/000039988